Pioneras farmacéuticas : (Record no. 192706)

MARC details
000 -LEADER
campo de control de longitud fija 01738nam a2200409 i 4500
001 - NÚMERO DE CONTROL
campo de control 192706
003 - IDENTIFICADOR DE NÚMERO DE CONTROL
campo de control SpMaBN
005 - FECHA Y HORA DE LA ÚLTIMA TRANSACCIÓN
campo de control 20260311135131.0
007 - CAMPO FIJO DE DESCRIPCIÓN FÍSICA--INFORMACIÓN GENERAL
campo de control de longitud fija ta
008 - DATOS DE LONGITUD FIJA--INFORMACIÓN GENERAL
campo de control de longitud fija 230512s2020 sp a | |||| 000 0cspa
017 ## - NÚMERO DE COPYRIGHT O DE DEPÓSITO LEGAL
Número de copyright o de depósito legal M 30280-2020
Agencia que asigna Oficina Depósito Legal Madrid
040 ## - FUENTE DE CATALOGACIÓN
Centro catalogador/agencia de origen SpMaBN
Lengua de catalogación spa
Centro/agencia transcriptor ES-MaACL
Normas de descripción rda
080 ## - NÚMERO DE LA CLASIFICACIÓN DECIMAL UNIVERSAL
Número de la Clasificación Decimal Universal 615.15:061.231(460.271)"1918/36"
080 ## - NÚMERO DE LA CLASIFICACIÓN DECIMAL UNIVERSAL
Número de la Clasificación Decimal Universal 615.15-055.2(460.271)"1918/36"
100 1# - ENTRADA PRINCIPAL--NOMBRE DE PERSONA
Nombre de persona García Garralón, Marta
Término indicativo de función/relación Autor
9 (RLIN) 176591
245 10 - MENCIÓN DEL TÍTULO
Título Pioneras farmacéuticas :
Resto del título las primeras mujeres del Colegio Oficial de Farmacéuticos de Madrid (1918-1936) /
Mención de responsabilidad, etc. Marta García Garralón y Raúl Renau López
264 #1 - PRODUCCIÓN, PUBLICACIÓN, DISTRIBUCIÓN, FABRICACIÓN Y COPYRIGHT
Producción, publicación, distribución, fabricación y copyright [Madrid] :
Nombre del de productor, editor, distribuidor, fabricante COFM, Colegio Oficial de Farmacéuticos de Madrid,
Fecha de producción, publicación, distribución, fabricación o copyright [2020]
300 ## - DESCRIPCIÓN FÍSICA
Extensión 101 páginas :
Otras características físicas ilustraciones (blanco y negro y color) ;
Dimensiones 21 x 21 cm
336 ## - TIPO DE CONTENIDO
Término de tipo de contenido Texto
Fuente rdacontent
337 ## - TIPO DE MEDIO
Nombre/término del tipo de medio sin mediación
Fuente rdamedia
338 ## - TIPO DE SOPORTE
Nombre/término del tipo de soporte volumen
Fuente rdacarrier
500 ## - NOTA GENERAL
Nota general En cub.: Archivo COFM
500 ## - NOTA GENERAL
Nota general Índice
504 ## - NOTA DE BIBLIOGRAFÍA, ETC.
Nota de bibliografía, etc. Referencias bibliográficas
530 ## - NOTA DISPONIBLE DE FORMULARIO FÍSICO ADICIONAL
Materiales especificados Disponible en formato digital
610 2# - PUNTO DE ACCESO ADICIONAL DE MATERIA--NOMBRE DE ENTIDAD CORPORATIVA
Nombre de entidad corporativa o nombre de jurisdicción como elemento de entrada Colegio Oficial de Farmacéuticos de Madrid-
Subdivisión de forma Historia
Fuente del encabezamiento o término embne
9 (RLIN) 176592
650 #7 - PUNTO DE ACCESO ADICIONAL DE MATERIA--TÉRMINO DE MATERIA
Término de materia o nombre geográfico como elemento de entrada Farmacia-
9 (RLIN) 173688
Subdivisión geográfica Madrid (Comunidad Autónoma)
650 #0 - PUNTO DE ACCESO ADICIONAL DE MATERIA--TÉRMINO DE MATERIA
Término de materia o nombre geográfico como elemento de entrada Farmacéuticas-
Subdivisión geográfica Madrid
9 (RLIN) 235420
655 #0 - TERMINO DE INDIZACIÓN--GENERO/FORMA
Datos o término principal de género/forma Biografías
9 (RLIN) 176647
700 1# - ENTRADA AGREGADA--NOMBRE PERSONAL
Nombre de persona Renau López, Raúl
Término indicativo de función/relación Autor
9 (RLIN) 176593
710 2# - ENTRADA AGREGADA--NOMBRE DE ENTIDAD CORPORATIVA
9 (RLIN) 226438
Nombre de entidad corporativa o nombre de jurisdicción como elemento de entrada Colegio Oficial de Farmacéuticos de Madrid
Término indicativo de función/relación Editor
852 ## - LOCALIZACIÓN
Ubicación ES-MaACL
Sublocalización o colección R.152997
Ubicación en estantería Depósito J
Donativo/Legado Donación: Editorial
Número de control de estantería N-8337
itemnumber 200003
856 4# - LOCALIZACIÓN Y ACCESO ELECTRÓNICOS
Identificador Uniforme de Recursos <a href="https://www.cofm.es/recursos/doc/portal/2015/04/24/catalogo-de-pioneras-farmaceuticas.pdf">https://www.cofm.es/recursos/doc/portal/2015/04/24/catalogo-de-pioneras-farmaceuticas.pdf</a>
Nota pública Texto completo
Texto de enlace Colegio Oficial de Farmacéuticos de Madrid
942 ## - ELEMENTOS DE ENTRADA SECUNDARIOS (KOHA)
Tipo de ítem Koha Libro impreso
Suprimir en OPAC No
Holdings
Estatus retirado Estado de pérdida Fuente del sistema de clasificación o colocación Estado de daño No para préstamo Biblioteca de origen Biblioteca actual Ubicación en estantería Fecha de adquisición Fuente de adquisición Total de préstamos Signatura topográfica completa Código de barras Visto por última vez Tipo de ítem Koha
    Clasificación decimal universal     Biblioteca del Ateneo de Madrid Biblioteca del Ateneo de Madrid Depósito J 08/02/2021 Donación   N-8337 10120563 12/05/2023 Libro impreso